betty lyrics - Statistics

General Stats
  • This quiz has been taken 170 times
  • The average score is 410 of 455
Answer Stats
Lyrics % Correct
a
100%
be
100%
Betty,
100%
you
100%
You
100%
I
99%
me
99%
me?
99%
me,
99%
it
97%
it?
97%
the
97%
The
97%
your
97%
Your
97%
but
96%
But
96%
In
96%
in,
96%
in
96%
my
96%
of
96%
on
96%
to
96%
was
96%
can
94%
do
94%
home
94%
know
94%
up
94%
when
94%
would
94%
Would
94%
believe
93%
can't
93%
don't
93%
from
93%
it's
93%
It's
93%
make
93%
she
93%
She
93%
that
93%
think
93%
this
93%
time
93%
word
93%
about
92%
at
92%
'cause
92%
go
92%
heard
92%
like
92%
party,
92%
party
92%
says
92%
thing
92%
thing?
92%
true
92%
did
90%
ever
90%
garden?
90%
garden,
90%
if
90%
If
90%
I'm
90%
Inez,
90%
Inez
90%
just
90%
only
90%
rumors
90%
showed
90%
summer
90%
tell
90%
what
90%
why
90%
worst
90%
all
89%
have
89%
miss
89%
seventeen,
89%
times,
89%
anything
88%
fuck
88%
most
88%
myself
88%
said,
88%
told
88%
won't
88%
get
86%
house
86%
one
86%
or
86%
trust
86%
dream
85%
homeroom,
85%
"James,
85%
So
85%
assumptions
83%
him
83%
lead
83%
switched
83%
walking
83%
couldn't
82%
dance
82%
is
82%
saw
82%
want
82%
with
82%
breathe
81%
broken
81%
her,
81%
long
81%
and
79%
gym
79%
kiss
79%
next
79%
now,
79%
now
79%
riding
79%
went
79%
cobblestones
78%
let's
78%
nights
78%
passed
78%
where
78%
pulled
76%
Slept
76%
thinking
76%
Will
76%
will
76%
again
75%
car
75%
days
75%
drive"
75%
last
75%
skateboard
75%
face
74%
friends?
74%
Plus,
74%
side
74%
stupid
74%
turned
74%
wrong
74%
Yeah,
74%
favorite
72%
hate
72%
into
72%
playing
72%
porch
72%
see
72%
song
72%
Standing
72%
crowds,
71%
front
71%
intentions
71%
cardigan
69%
dreamt
69%
wanna
69%
figment
67%
love
67%
Those
67%
far
65%
found
65%
Kissin'
65%
happens
64%
nowhere
64%
for
63%
out
63%
dreamed
61%
finally
61%
doorstep
60%
here
60%
right
60%
weeks
58%
wings?
58%
sinkin'
57%
patch
56%
planned
56%
streetlight
50%
Stopped
46%
No matching quizzes found
Score Distribution
Percent of People with Each Score
Percentile by Number Answered
Your Score History
You have not taken this quiz